[Event "Porlamar Cup La Nueva Conferry 1st"]
[Site "Porlamar"]
[Date "2016.08.26"]
[Round "3.6"]
[White "Ferrer Castillo, Luis Enrique"]
[Black "Leal, Shalom"]
[Result "0-1"]
[WhiteElo "1340"]
[BlackElo "1619"]
[PlyCount "36"]
[EventDate "2016.08.25"]
[EventType "swiss"]
[EventRounds "7"]
[EventCountry "VEN"]
[SourceTitle "EXT 2022"]
[Source "ChessBase"]
[SourceDate "2021.10.06"]
[SourceVersion "1"]
[SourceVersionDate "2021.10.06"]
[SourceQuality "1"]

1. e4 e5 2. f4 exf4 3. Nf3 g5 4. d4 g4 5. h4 gxf3 6. gxf3 Bh6 7. Nc3 d6 8. Ne2 Nc6 9. Nxf4 Qf6 10. Nd5 Qxd4 11. Nxc7+ Kd8 12. Nxa8 Bxc1 13. Rxc1 Qe3+ 14. Be2 Nd4 15. Rf1 Nxe2 16. Qxd6+ Bd7 17. Qf8+ Be8 18. Rd1+ Nd4# 0-1